| 000 | 01396cam a2200409 i 4500 | ||
|---|---|---|---|
| 001 | on1264736146 | ||
| 003 | TZ-ArACH | ||
| 005 | 20251022140440.0 | ||
| 008 | 210419s2020 cm 001 0 fre | ||
| 010 | _a 2021316204 | ||
| 020 |
_a9789956731916 _q(Éditions Lupeppo) |
||
| 020 | _a9956731919 | ||
| 035 | _a(OCoLC)1264736146 | ||
| 040 |
_aDLC _beng _erda _cTZ-ArACH |
||
| 041 | 0 |
_afre _aeng |
|
| 042 |
_alcode _apcc |
||
| 043 | _afb----- | ||
| 049 | _aTZAA | ||
| 050 | 0 | 0 |
_aKQC572 _b.A54 2020 |
| 245 | 0 | 4 |
_aGrandes décisions de la jurisprudence africaine des droits de l'homme / _cFrédéric Foka Taffo, Pencrace Bebga. |
| 260 |
_aYaounde (Cameroon): _bEditions Lupepo; _c2020 |
||
| 300 |
_a682 pages ; _c24 cm. |
||
| 490 | 0 | _aCollection Savoirs | |
| 500 | _aIncludes index. | ||
| 546 | _aFrench and English. | ||
| 650 | 0 |
_aHuman rights _zAfrica, Sub-Saharan _vCases. |
|
| 650 | 6 |
_aDroits de l'homme (Droit international) _zAfrique subsaharienne _vJurisprudence. |
|
| 650 | 7 |
_aHuman rights. _2fast |
|
| 651 | 7 |
_aSub-Saharan Africa. _2fast |
|
| 655 | 7 |
_aCourt decisions and opinions. _2fast |
|
| 655 | 7 |
_aTrials, litigation, etc. _2fast |
|
| 655 | 7 |
_aCourt decisions and opinions. _2lcgft |
|
| 655 | 7 |
_aRecueils de jurisprudence et d'opinions. _2rvmgf |
|
| 700 | 1 |
_aFoka Taffo, Frédéric, _d1982- _ecompiler. |
|
| 700 | 1 |
_aBebga, Pencrace, _ecompiler. |
|
| 942 |
_2lcc _cBOOK |
||
| 999 |
_c7645 _d7645 |
||